000 00965cam a2200277 a 4500
999 _c46237
_d46237
001 3996856
005 20190430082256.0
008 960522s1996 miu b 000 0deng
010 _a 96009150
020 _a0802840876
040 _aDLC
_cDLC
_dDLC
100 1 _aPaton, David M.
_q(David Macdonald),
_d1913-1992.
245 1 0 _aChristian missions and the judgment of God /
_cDavid MacDonald Paton ; edited with short biography by David M.M. Paton ; with an introduction by Bob Whyte ; foreword by K.H. Ting.
246 1 4 _aChristian missions & the judgment of God
250 _a2nd ed.
260 _aGrand Rapids, Mich. :
_bEerdmans,
_cc1996.
300 _axiv, 114 p. ;
_c23 cm.
336 _atext
337 _aunmediated
338 _avolume
504 _aIncludes bibliographical references (p. 113-114).
600 1 0 _aPaton, David M.
_q(David Macdonald),
_d1913-1992.
650 0 _aMissions.
700 1 _aPaton, David M. M.
942 _2lcc
_cBK